zpět

Detail výsledku týmu

U Kapitána, Valtice

Datum a čas kvízu

19 Celkem bodů Celkový počet nahraných bodů na tomto kvízu bez doplňovacích otázek.
4. Pořadí na kvízu Konečné umístění týmu na tomto kvízu.

Zaznamenané odpovědi

# Otázka Odpověď Body Výsledky
1. Jak se nazývá zámek nedaleko P... Štiřín 0
2. Buckinghamský palác odhalil v... D) motýl 0
3. Jeden z 28 evropských koncertů... Thirty Seconds to Mars (30 Seconds to Mars) 0
4. V ženevské pobočce aukční síně... Michael Schumacher 0
5. V sobotu se v Rijádu konal dlo... Tyson Fury, Oleksandr Usyk 0
6. Bájného českého knížete Kroka,... Krakov 1
7. K Janu Žižkovi se váže jistá p... C 0
8. Přiřaďte k sobě dvojice hrdinů... 1C 2B 3D 4A 1
9. Václav Podbrdský byl kameník,... A 0
10. Pokud dokážete určit, co tento... Stadice 0